000 00905nam a22002413a 4500
005 20260415064206.0
008 010618s1997 ea r 000 0 spa d
035 _aUPN01000108562
049 _aF
050 4 _aLB2305
_bE5.7 no.8
100 1 _aMalo Alvarez, Salvador
_929107
245 1 3 _aEl comunicado de Vancouver cinco años después :
_buna evaluación /
_cSalvador Malo, John Mallea, Dell Pendergrast.
260 _aBoulder [E.U.A.] :
_bWICHE :
_bCONAHEC,
_c1997.
300 _a35 h.
440 0 _aEntendiendo las diferencias.
_pCuaderno de trabajo ;
_v8
500 _a"Serie sobre la educación superior en México, Canadá y los Estados Unidos"
650 7 _aEducación superior
_zEstados Unidos
_2
_915203
650 4 _aEducación superior
_zMéxico
_94968
650 4 _aEvaluación educativa
_94298
700 1 _aMallea, John,
_ecoaut.
700 1 _aPendergrast, Dell,
_ecoaut.
905 _aLibro
999 _c82474
_d82474